ē-Konjugation: Präsens, Imperfekt und Perfekt Indikativ Aktiv - Statistiken

Allgemein
  • Dieses Quiz wurde 7 mal gespielt
  • Das Durchschnittsergebnis liegt bei 20 aus 22
Antwortstatistiken
Group Hint Antwort % Korrekt
Imperfekt 1. Sg. Impf. Ind. Akt. monēbam
100%
Imperfekt 1. Pl. Impf. Ind. Akt. monēbāmus
100%
Imperfekt 3. Pl. Impf. Ind. Akt. monēbant
100%
Imperfekt 2. Sg. Impf. Ind. Akt. monēbās
100%
Imperfekt 3. Sg. Impf. Ind. Akt. monēbat
100%
Imperfekt 2. Pl. Impf. Ind. Akt. monēbātis
100%
Präsens 1. Pl. monēmus
100%
Präsens 3. Pl. monent
100%
Präsens 1. Sg. moneō
100%
Präsens 2. Sg. monēs
100%
Präsens 3. Sg. monet
100%
Präsens 2. Pl. monētis
100%
Imperative Imp. Sg. Präs. Akt. monē
86%
Infinitive Inf. Präs. Akt. monēre
86%
Imperative Imp. Pl. Präs. Akt. monēte
86%
Perfekt 1. Sg. Perf. Ind. Akt. monuī
86%
Perfekt 1. Pl. Perf. Ind. Akt. monuimus
86%
Perfekt 2. Sg. Perf. Ind. Akt. monuistī
86%
Perfekt 2. Pl. Perf. Ind. Akt. monuistis
86%
Perfekt 3. Sg. Perf. Ind. Akt. monuit
86%
Perfekt 3. Pl. Perf. Ind. Akt. monuērunt
71%
Infinitive Inf. Perf. Akt. monuisse
71%
Keine übereinstimmenden Quizze gefunden
Verteilung der Resultate
Anzahl Personen mit jedem Resultat
Perzentil nach korrekt beantworteten Fragen
Ihre Resultats-Entwicklung
Sie haben dieses Quiz noch nicht gespielt